| 000 | 01019nam a2200217Ia 4500 | ||
|---|---|---|---|
| 001 | 270.07-TOD lu co (4178) | ||
| 003 | IT-MiSPE | ||
| 008 | 171229s9999||||xx |||||||||||||| ||und|| | ||
| 040 |
_aIT-MiSPE _cIT-MiSPE |
||
| 041 | _aITALIANO | ||
| 100 | _aLuigi Todesco | ||
| 245 | 0 |
_aCorso di storia della Chiesa _bIV. La Chiesa al tempo del Rinascimento e della Riforma |
|
| 250 | _a2 rif.; riv. agg. / D. Ireneo | ||
| 260 |
_aTorino _bMarietti _c1940 |
||
| 300 |
_aVIII, 659 p. [5 v.] _c21 cm |
||
| 490 | _v 4° | ||
| 501 | _aEdizioni San Paolo srl - Piazza Soncino, 5 - 20092 CINISELLO BALSAMO (MI) (non commercial uses only) ® Copyright 2018 | ||
| 942 | _cBK | ||
| 957 | _71 | ||
| 999 |
_a15334 _bNO _g Copie: 1 _c345985 _d345985 |
||